Countries With Four Letter Capitals - Statistics

General Stats
  • This quiz has been taken 178 times
  • The average score is 8 of 14
Answer Stats
Country Capital % Correct
Italy Rome
90%
Peru Lima
84%
Norway Oslo
78%
Switzerland Bern
68%
Qatar Doha
63%
Ukraine Kiev
63%
Latvia Riga
61%
Fiji Suva
53%
Azerbaijan Baku
48%
Togo Lome
48%
East Timor Dili
46%
Samoa Apia
43%
Maldives Male
41%
South Sudan Juba
41%
No matching quizzes found
Score Distribution
Percent of People with Each Score
Percentile by Number Answered
Your Score History
You have not taken this quiz